00611nam a2200193 a 450000100060000000300090000600800410001502000150005604000280007108200180009910000460011724500790016326000330024230000110027549000420028665000250032865000380035365000260039119756CO-ViMGA141112s2004 ck r 000 u spa d a8449309859 aCO-ViMGAbspacCO-ViMGA04a778.534 M177m1 aMartínez Abadía ; Serra Flores, Jordi10aManual básico de tecnica cinematográfica y dirección de fotografía aBarcelona : bPaidos, c2000 a316 p. aPaidos papeles de comunicación / 3214aCAMARAS FOTOGRAFICAS14aFOTOGRAFIA - EQUIPOS Y ACCESORIOS14aFOTOGRAFIA EN EL CINE